Beköszöntő

Elmentve itt :
Bibliográfiai részletek
Szerző: Szent-Györgyi Albert
Dokumentumtípus: Cikk
Megjelent: Athenaeum Budapest 1946-12-01
Sorozat:Élet és Tudomány : munkások a tudományért, tudósok a munkásokért 1 No. 1
Online Access:http://misc.bibl.u-szeged.hu/73818
LEADER 00654nab a2200169 i 4500
001 misc73818
005 20241018155449.0
008 240119s1946 hu o 000 hun d
040 |a SZTE Miscellanea Repozitórium  |b hun 
041 |a hun 
100 2 |a Szent-Györgyi Albert 
245 1 0 |a Beköszöntő  |h [elektronikus dokumentum] /  |c  Szent-Györgyi Albert 
260 |a Athenaeum  |b Budapest  |c 1946-12-01 
300 |a 3 
490 0 |a Élet és Tudomány : munkások a tudományért, tudósok a munkásokért  |v 1 No. 1 
561 |a Szent-Györgyi Albert tudományos és egyéb írásai 
856 4 0 |u http://misc.bibl.u-szeged.hu/73818/1/szgya_magyar_191.pdf  |z Dokumentum-elérés